000 00427nam a2200181Ia 4500
005 20250423100709.0
008 250422s9999 xx 000 0 und d
020 _a9789788409212
050 _aBF 408 .O78/
100 _aOrtese, Peter T.
245 0 _apsychology of creativity
260 _aBenue State
260 _bAboki publishers
260 _c2009
300 _a191 p
650 _aCreative ability.
942 _cBK
999 _c34093
_d34093